<The> DAC Journal

Enregistré dans:
Détails bibliographiques
Format: Publication en série
Langue:slovaque
Publié: Paris OECD 2003
Sujets:
Tags: Ajouter un tag
Pas de tags, Soyez le premier à ajouter un tag!

MARC

LEADER 00000nas2a2200000$$$4500
001 0052426
005 20070202122208.0
022 |a 1563-3152 
041 0 |a slo 
044 |a SK 
245 1 0 |a <The> DAC Journal 
264 1 |a Paris  |b OECD  |c 2003 
773 0 |w eu_un_cat*0008961 
610 2 0 |a spolupráca hospodárska medzinárodná 
610 2 0 |a OECD